Project extranets and e-procurement (Record no. 103446)
[ view plain ]
| 000 -LEADER | |
|---|---|
| fixed length control field | 01217cam a2200241 4500 |
| 001 - CONTROL NUMBER | |
| control field | ##J125630 |
| 008 - FIXED-LENGTH DATA ELEMENTS--GENERAL INFORMATION | |
| fixed length control field | 040329n2003 000 0 eng u |
| 035 ## - SYSTEM CONTROL NUMBER | |
| System control number | (Sirsi) u125630 |
| 041 0# - LANGUAGE CODE | |
| Language code of text/sound track or separate title | eng |
| 050 04 - LIBRARY OF CONGRESS CALL NUMBER | |
| Classification number | 690.0285 $2 18 |
| 100 1# - MAIN ENTRY--PERSONAL NAME | |
| Personal name | Breetzke, Keith |
| 245 00 - TITLE STATEMENT | |
| Title | Project extranets and e-procurement |
| Remainder of title | user perspectives |
| Medium | [electronic resource] |
| 260 ## - PUBLICATION, DISTRIBUTION, ETC. | |
| Place of publication, distribution, etc. | London |
| Name of publisher, distributor, etc. | RICS |
| Date of publication, distribution, etc. | 2003 |
| 300 ## - PHYSICAL DESCRIPTION | |
| Extent | 16p. |
| Dimensions | 30cm. |
| 490 #0 - SERIES STATEMENT | |
| Series statement | RICS Quantity Surveying and Construction Faculty Feature |
| 520 ## - SUMMARY, ETC. | |
| Summary, etc. | This report investigates the user perspective and experiences relating to the popular range of web-enabled extranets and e-procurement products currently available to the construction industry. The report contains the responses of 12 firms to a research questionnaire that asked questions relating to various aspects of extranets such as ease of use, estimates of savings and security. |
| 651 #4 - SUBJECT ADDED ENTRY--GEOGRAPHIC NAME | |
| Geographic name | England and Wales |
| Chronological subdivision | 1543- |
| 690 ## - LOCAL SUBJECT ADDED ENTRY--TOPICAL TERM (OCLC, RLIN) | |
| Topical term or geographic name as entry element | Procurement |
| 9 (RLIN) | 6260 |
| 700 1# - ADDED ENTRY--PERSONAL NAME | |
| Personal name | Hawkins, Martin |
| 710 2# - ADDED ENTRY--CORPORATE NAME | |
| Corporate name or jurisdiction name as entry element | Royal Institution of Chartered Surveyors |
| Subordinate unit | Construction Faculty |
| 9 (RLIN) | 4214 |
| 856 41 - ELECTRONIC LOCATION AND ACCESS | |
| Uniform Resource Identifier | <a href="https://www.rics.org/Global/Downloads/ProjectExtranetsE-procurement.pdf">https://www.rics.org/Global/Downloads/ProjectExtranetsE-procurement.pdf</a> |
| Public note | View the report on the RICS website... |
| 942 ## - ADDED ENTRY ELEMENTS (KOHA) | |
| Suppress in OPAC | 0 |
| Withdrawn status | Lost status | Source of classification or shelving scheme | Damaged status | Not for loan | Home library | Current library | Shelving location | Date acquired | Total Checkouts | Full call number | Barcode | Date last seen | Copy number | Price effective from | Koha item type |
|---|---|---|---|---|---|---|---|---|---|---|---|---|---|---|---|
| Dewey Decimal Classification | London | London | RICS Boxes | 29/03/2004 | RICS 2003/48 | 30069061 | 06/08/2019 | 1 | 06/08/2019 | Archive | |||||
| Dewey Decimal Classification | London | London | RICS Boxes | 29/03/2004 | RICS 2003/48 | 30069065 | 06/08/2019 | 2 | 06/08/2019 | Reference material | |||||
| Dewey Decimal Classification | London | London | RICS Boxes | 29/03/2004 | RICS 2003/48 | 30069057 | 06/08/2019 | 4 | 06/08/2019 | Book | |||||
| Dewey Decimal Classification | Virtual | Virtual | Online | 29/03/2004 | ONLINE PUBLICATION | 125630-2001 | 06/08/2019 | 1 | 06/08/2019 | Book |